| 000 | 00591nam a2200205 a 4500 | ||
|---|---|---|---|
| 001 | 12250 | ||
| 003 | CO-ViMGA | ||
| 008 | 141112s2004 ck r 000 u spa d | ||
| 020 | _a842399435X | ||
| 040 |
_aCO-ViMGA _bspa _cCO-ViMGA |
||
| 082 | 0 | 4 | _aR920.1 P76d |
| 100 | 1 |
_aPro, Juan _917432 |
|
| 245 | 1 | 0 | _aProtagonistas de la Historia |
| 260 |
_aMadrid, _cEspasa Calpe S.A., _c1997 |
||
| 300 | _a829 p. | ||
| 590 | _aPrecio : 101.900 - - Fecha de adquisición : Ag. 23, 2000 | ||
| 650 | 1 | 4 |
_aBIOGRAFIAS - DICCIONARIOS _94754 |
| 650 | 1 | 4 |
_aDICCIONARIOS DE BIOGRAFIAS _917433 |
| 942 |
_2ddc _cBK |
||
| 999 |
_c23263 _d23263 |
||